| 000 | 00424nam a2200169Ia 4500 | ||
|---|---|---|---|
| 008 | 190425s9999 xx 000 0 und d | ||
| 100 | _aCruz, Maricel V. | ||
| 245 | _aLawmakers set probe into national rice supply/ | ||
| 245 | _cmaricel V. Cruz | ||
| 260 | _bManila Standard | ||
| 260 | _c2017 | ||
| 300 | _aJuly 2 | ||
| 440 | _aManila Standard | ||
| 650 | _arice | ||
| 650 | _arice imports | ||
| 650 | _arice supply | ||
| 999 |
_c361668 _d361668 |
||